The library and the Zambian society (Record no. 49211)

MARC details
000 -LEADER
fixed length control field 00562nam a2200157 a 4500
008 - FIXED-LENGTH DATA ELEMENTS--GENERAL INFORMATION
fixed length control field 101028s1985 ||||||||||||||||| || |
050 ## - LIBRARY OF CONGRESS CALL NUMBER
Classification number ZLA(05)J
100 ## - MAIN ENTRY--PERSONAL NAME
Personal name Mbewe, Godfrey L
245 14 - TITLE STATEMENT
Title The library and the Zambian society
260 ## - PUBLICATION, DISTRIBUTION, ETC.
Place of publication, distribution, etc. Lusaka
Name of publisher, distributor, etc. Zambia Library Association (ZLA)
Date of publication, distribution, etc. 1985
300 ## - PHYSICAL DESCRIPTION
Extent 39-48pp
350 ## - PRICE (NR) (BK AM CF MU VM SE) [OBSOLETE]
Price 0.00
500 ## - GENERAL NOTE
General note Volume 16
650 ## - SUBJECT ADDED ENTRY--TOPICAL TERM
Topical term or geographic name entry element LIBRARIES -- ZAMBIA
995 ## - RECOMMENDATION 995 [LOCAL, UNIMARC FRANCE]
-- 0.00
-- CBU-MAIN LIBRARY (Kitwe)
-- 1
-- 0.00
-- 1
-- AVAILABLE
-- Oct 28, 2010
-- Zambiana Collection
Holdings
Withdrawn status Lost status Source of classification or shelving scheme Damaged status Not for loan Home library Current library Shelving location Date acquired Total Checkouts Full call number Barcode Date last seen Price effective from Koha item type
          CBU-MAIN LIBRARY, KITWE. CBU-MAIN LIBRARY, KITWE.   11/30/2022   ZLA(05)J Z03007279 11/30/2022 11/30/2022 MONOGRAPH